[Event "Quebec-ch U16"]
[Site "Montreal"]
[Date "1991.03.03"]
[Round "7"]
[White "Castillo, Anthony"]
[Black "Dholandas, Carl"]
[Result "1-0"]
[WhiteElo "1673"]
[BlackElo "1443"]
[PlyCount "101"]
[EventDate "1991.02.28"]
[EventType "tourn"]
[EventRounds "7"]
[EventCountry "CAN"]
[SourceTitle "EXT 2022"]
[Source "ChessBase"]
[SourceDate "2021.10.06"]
[SourceVersion "1"]
[SourceVersionDate "2021.10.06"]
[SourceQuality "1"]

1. d4 d5 2. c4 e6 3. Nc3 Nf6 4. Bg5 Be7 5. e3 0-0 6. Nf3 Nbd7 7. Rc1 b6 8. cxd5 Nxd5 9. Bxe7 Qxe7 10. Nxd5 exd5 11. Rxc7 Qb4+ 12. Qd2 Qxd2+ 13. Kxd2 Nf6 14. Bd3 Be6 15. Rhc1 Rfc8 16. Ng5 Rxc7 17. Rxc7 h6 18. Nxe6 fxe6 19. Bg6 Rf8 20. f3 a6 21. Rc6 Nd7 22. Rxe6 Rf6 23. Rxf6 gxf6 24. Be8 Nb8 25. Ba4 Kf7 26. Bb3 Ke6 27. e4 Nd7 28. Bxd5+ Kd6 29. a4 a5 30. Kc3 Kc7 31. b4 Kd6 32. Kc4 axb4 33. Kxb4 f5 34. Kb5 fxe4 35. fxe4 Ke7 36. Bc6 Kd8 37. Bxd7 Kxd7 38. Kxb6 Kd6 39. a5 Kd7 40. a6 Kc8 41. a7 Kd7 42. a8Q Kd6 43. Qc6+ Ke7 44. Qxh6 Kf7 45. e5 Ke7 46. d5 Kd7 47. Kb7 Ke8 48. Qg7 Kd8 49. e6 Ke8 50. d6 Kd8 51. Qf8# 1-0

[Event "Quebec-ch U16"]
[Site "Montreal"]
[Date "1991.03.01"]
[Round "2"]
[White "Sicard, Marc Etienne"]
[Black "Dholandas, Carl"]
[Result "0-1"]
[WhiteElo "1392"]
[BlackElo "1443"]
[PlyCount "72"]
[EventDate "1991.02.28"]
[EventType "tourn"]
[EventRounds "7"]
[EventCountry "CAN"]
[SourceTitle "EXT 2022"]
[Source "ChessBase"]
[SourceDate "2021.10.06"]
[SourceVersion "1"]
[SourceVersionDate "2021.10.06"]
[SourceQuality "1"]

1. e4 c6 2. d4 d5 3. Nc3 dxe4 4. Nxe4 Bf5 5. Ng3 Bg6 6. Nf3 Nf6 7. Bc4 e6 8. Bf4 Bd6 9. Bxd6 Qxd6 10. Ne5 c5 11. Nxg6 hxg6 12. c3 Nbd7 13. 0-0 0-0-0 14. Re1 cxd4 15. cxd4 Nb6 16. Rc1 Kb8 17. Ne2 Qxh2+ 18. Kf1 Qh1+ 19. Ng1 Qh4 20. Nf3 Qg4 21. Be2 Rh1+ 22. Ng1 Qf4 23. Bf3 Qh2 24. Ke2 Qf4 25. Kf1 Rxd4 26. Qc2 Rc4 27. Qd1 Rd4 28. Qc2 Nc4 29. Red1 Rxd1+ 30. Rxd1 Nd5 31. Rxd5 exd5 32. Qd3 Nd2+ 33. Ke2 Nxf3 34. Nxf3 Qc4 35. Ke3 Qxd3+ 36. Kxd3 Rh5 0-1